Nommez toutes les équipes de Premier League, les villes et les stades - Statistiques

Statistiques générales
  • Ce quiz a été pris 541 fois
  • Le résultat moyen est 26 sur 60
Statistiques - réponses
Hint Réponse % Correct
Manchester
93%
Manchester
93%
Équipes Arsenal
90%
Liverpool
89%
Liverpool
89%
Liverpool
89%
Chelsea
86%
Manchester City
81%
Manchester United
81%
Ville London
69%
London
69%
London
69%
London
69%
London
69%
London
69%
London
69%
Everton
67%
Aston Villa
66%
Old Trafford
59%
Anfield
58%
Brighton
52%
Stade Emirates Stadium
52%
Crystal Palace
51%
Tottenham Hotspur
49%
Fulham
47%
Wolverhampton
45%
Brentford
44%
Etihad Stadium
44%
Stamford Bridge
43%
Birmingham
42%
West Ham United
41%
Bournemouth
39%
Bournemouth
39%
Newcastle United
38%
Nottingham Forest
36%
Burnley
35%
Burnley
35%
Luton
32%
Villa Park
30%
Luton Town
28%
Sheffield
28%
Goodison Park
26%
Brighton & Hove Albion
25%
St James' Park
25%
Sheffield United
24%
Tottenham Hotspur Stadium
20%
Wolverhampton Wanderers
19%
Craven Cottage
17%
London Stadium
16%
Molineux Stadium
12%
Selhurst Park
11%
Newcastle upon Tyne
9%
Vitality Stadium
8%
Turf Moor
6%
American Express Stadium
5%
City Ground
5%
Bramall Lane
3%
Gtech Community Stadium
3%
Kenilworth Road
3%
West Bridgford
2%
Aucun quiz correspondant
Distribution des résultats
% des personnes avec chaque résultat
Percentile par nombre de réponses
Votre historique - résultats
Vous n’avez pas pris ce quiz